000 00552nam a22002297a 4500
999 _c4611
_d4611
001 4611
003 BD-JhCC
005 20171129201321.0
008 171129s1962 e a|||| || | 000 0 eng d
035 _a(BD-JhCC)4611
040 _aBD-JhCC
_dBD-JhCC
041 _aeng
082 _a551
_bSTU 1962
245 _aStudy of the Earth /
_cJ. F. White (Edited)
260 _aLondon :
_bPrentic-Hall, Inc,
_c1962.
300 _a408 p. :
_c23 cm.
650 _aEarth
651 _aGeology
700 _aWhite, J. F
942 _2ddc
_cBK